000 00727cad a22001935a 4500
001 E119102
008 020730n xxk 000 0 eng u
020 _a0950654361
035 _a(Sirsi) u119102
041 0 _aeng
110 _aAssociation of Cost Engineers
_91254
245 _aProvoc
_bglossary of common project control terms
_h[electronic resource]
260 _a[S.l.]
_bACostE
_c[n.d.]
520 _aProvides definitions of terms used within the project management and project controls communities.
651 4 _aUnited Kingdom
_y
690 _aBUILT ENVIRONMENT-BUILDING COSTS
856 4 0 _uhttps://www.acoste.org.uk/uploads/terminology.pdf
_zView the item free of charge (PDF file) at www.acoste.org.uk
942 _n0
999 _c102250
_d102250